[Event "Zagreb GP U16"]
[Site "Zagreb"]
[Date "2013.05.28"]
[Round "4"]
[White "Cetina, Sven"]
[Black "Medak, Robert"]
[Result "0-1"]
[WhiteElo "1643"]
[BlackElo "1600"]
[PlyCount "48"]
[EventDate "2013.05.26"]
[EventType "swiss"]
[EventRounds "6"]
[EventCountry "CRO"]
[SourceTitle "CBM 154 Extra"]
[Source "ChessBase"]
[SourceDate "2013.06.25"]
[SourceVersion "2"]
[SourceVersionDate "2013.06.25"]
[SourceQuality "1"]

1. e4 d5 2. exd5 c6 3. c4 cxd5 4. cxd5 e5 5. Nc3 Nf6 6. Nf3 e4 7. Ne5 Nxd5 8. Nxe4 Bd6 9. Nxd6+ Qxd6 10. Nc4 Qe6+ 11. Qe2 0-0 12. Qxe6 Bxe6 13. Bd3 Nb4 14. Be4 Bxc4 15. Bxb7 Nc2+ 16. Kd1 Nxa1 17. Bxa8 Re8 18. b3 Nxb3 19. Re1 Rxe1+ 20. Kxe1 Nxc1 21. Be4 Nd7 22. Bc6 Nc5 23. a3 N5d3+ 24. Kd1 Bb3# 0-1